| Tag |
First Indicator |
Second Indicator |
Subfields |
| LEADER |
00000cam a2200000 a 4500 |
| 001 |
in00000001933 |
| 005 |
20151007050559.0 |
| 008 |
981102s1998 mauab b f000 0 eng d |
| 035 |
|
|
|a (OCoLC)40214070
|
| 035 |
|
|
|9 AJC2604AM
|
| 040 |
|
|
|a GPO
|c GPO
|d DLC
|d MvI
|d UtOrBLW
|
| 043 |
|
|
|a n-us-ma
|
| 049 |
|
|
|a UDOC
|a WWW
|
| 074 |
|
|
|a 0621-L
|
| 074 |
|
|
|a 0621-L (online)
|
| 086 |
0 |
|
|a I 19.127:101-98
|
| 100 |
1 |
|
|a Waldron, Marcus C.
|
| 245 |
1 |
0 |
|a Source-water protection and water-quality investigations in the Cambridge, Massachusetts, drinking-water supply system.
|
| 246 |
2 |
|
|a Source water protection and water quality investigations in the Cambridge, Massachusetts, drinking water supply system
|
| 264 |
|
1 |
|a [Marlbourough, Mass.] :
|b U.S. Geological Survey, U.S. Dept. of the Interior,
|c [1998]
|
| 300 |
|
|
|a 1 folded sheet (6 unnumbered pages) :
|b color illustrations, color maps ;
|c 28 cm.
|
| 336 |
|
|
|a text
|b txt
|2 rdacontent
|
| 337 |
|
|
|a unmediated
|b n
|2 rdamedia
|
| 338 |
|
|
|a sheet
|b nb
|2 rdacarrier
|
| 490 |
1 |
|
|a USGS Fact sheet ;
|v 101-98
|
| 500 |
|
|
|a Caption title.
|
| 500 |
|
|
|a "Report by Marcus C. Waldron"--P. [6].
|
| 500 |
|
|
|a "September, 1988"--P. [1].
|
| 500 |
|
|
|a Shipping list number: 99-0010-P.
|
| 504 |
|
|
|a Includes bibliographical references (page [6]).
|
| 530 |
|
|
|a Also available via Internet from the USGS web site. Address as of 3/7/03: http://ma.water.usgs.gov/publications/pdf/camb136.pdf
|
| 650 |
|
0 |
|a Water quality
|z Massachusetts
|z Cambridge.
|
| 650 |
|
0 |
|a Drinking water
|z Massachusetts
|z Cambridge.
|
| 710 |
2 |
|
|a Geological Survey (U.S.)
|
| 830 |
|
0 |
|a Fact sheet (Geological Survey (U.S.)) ;
|v FS-98-101.
|
| 856 |
4 |
1 |
|u http://ma.water.usgs.gov/publications/pdf/camb136.pdf
|z Adobe Acrobat reader required
|t 0
|
| 999 |
|
|
|a MARS
|
| 999 |
f |
f |
|s f53f0dc1-6a3b-30a9-b9eb-2bb577588a00
|i 3575465c-71e9-3fa0-a04d-5bc3c583107c
|t 0
|
| 952 |
f |
f |
|p normal
|a Texas A&M University
|b College Station
|c Sterling C. Evans Library
|d Evans: US Documents (Annex 5th floor)
|t 0
|e I 19.127:101-98
|h Superintendent of Documents classification
|i unmediated -- sheet
|m A14824406160
|
| 952 |
f |
f |
|a Texas A&M University
|b College Station
|c Electronic Resources
|d Available Online
|t 0
|e I 19.127:101-98
|h Superintendent of Documents classification
|
| 998 |
f |
f |
|a I 19.127:101-98
|t 0
|l Available Online
|
| 998 |
f |
f |
|a I 19.127:101-98
|t 0
|l Evans: US Documents (Annex 5th floor)
|